| 000 | 01405nam0a22003251 4500 | ||
|---|---|---|---|
| 001 | rc\2170653 | ||
| 005 | 20170620173422.0 | ||
| 035 | _a(NLR Aleph) 006688963 | ||
| 090 |
_a5135490 _c5135490 |
||
| 100 | _a20110829d1978 |||y0rusy50 ca | ||
| 101 | 0 |
_arus _aeng |
|
| 102 | _aRU | ||
| 105 | _ay j ||||| | ||
| 200 | 1 |
_aКнига для учителя к учебнику английского языка для II класса школ с преподаванием ряда предметов на английском языке _fИ.Н. Верещагина, М.И. Дубровин, Т.А. Притыкина |
|
| 210 |
_aМосква _cПросвещение _d1978 |
||
| 215 |
_a174 с. _d21 |
||
| 300 | _aОбл. англ.: Teacher's book / I.N. Vereshagina a.o. | ||
| 517 | 0 | _aTeacher's book | |
| 606 |
_aАнглийский язык _jМетодические пособия _2psbo |
||
| 700 | 1 |
_aВерещагина _bИ. Н. _cканд. пед. наук _f1926-2011 _gИрина Николаевна _3RU\NLR\AUTH\776375 |
|
| 701 | 1 |
_aПритыкина _bТ. А. _gТамара Александровна |
|
| 701 | 1 |
_aДубровин _bМ. И. _gМарк Исаакович |
|
| 801 | 0 |
_aRU _bNLR _gpsbo |
|
| 801 | 1 |
_aRU _bELAR _2rusmarc |
|
| 852 |
_aNLR _j79-5/1488 |
||
| 899 |
_aRuMoRGB _jБ 78-29/1114 |
||
| 899 |
_aRuMoRGB _jБ 78-29/1115 |
||
| 942 | _cBOOK | ||
| 980 | _aNB | ||